| 000 | 00597nam a2200181 a 4500 | ||
|---|---|---|---|
| 001 | 4385 | ||
| 003 | CDMR | ||
| 005 | 20151016130001.0 | ||
| 008 | 130130s1995||||||||||||||||||||||||||||d | ||
| 020 | _a8488645287 | ||
| 040 |
_aCDMR _bcat _cCPC LLEIDA |
||
| 110 |
_91020 _aUniversitat de Lleida |
||
| 245 | 0 | 3 | _aEl món rural català a l'època de la revolució liberal |
| 260 |
_aLleida _c1995 _bUniversitat de Lleida |
||
| 500 | _aConté: 1. Ponències | ||
| 500 | _aPonències presentades a les III Jornades d'Estudis d'Història celebrades a Cervera, 2,3 i 4 de novembre de 1990 | ||
| 942 |
_cMON _2ddc |
||
| 999 |
_c4385 _d4385 |
||